Automatización del sistema de gestión de vulnerabilidad territorial para el programa de estudios ambientales urbanos territoriales PEAUT.

Presenta la automatización del sistema de gestión de indicadores de vulnerabilidad territorial para el programa de estudios ambientales urbanos territoriales PEAUT, incluye realización del sistema con el lenguaje unificado UML utilizando la metodología UWE, definición de arquitectura navegacion...

Full description

Bibliographic Details
Main Authors: Rosales Martínez, Cinthya Irene, Dávila Ayestas, Jensy Yahoska
Other Authors: Tutor: Espinoza Aragón; Evelyn del Carmen
Format: Tesis Section = Libro
Language:Undetermined
Spanish
Published: Managua UNI 2012
Subjects:
LEADER 01244nam a2200253Ia 4500
008 240830s9999 xx 000 0 und d
040 |a BIBLIOTECA-RUPAP Mon 004.2 R788 
041 |a spa 
082 |a Mon 004.2 R788 
100 1 |a Rosales Martínez, Cinthya Irene 
100 1 |b Dávila Ayestas, Jensy Yahoska 
245 1 0 |a Automatización del sistema de gestión de vulnerabilidad territorial para el programa de estudios ambientales urbanos territoriales PEAUT. 
260 |a Managua  |b UNI  |c 2012 
300 |a 200 p. :il. 
500 |a Contiene: anexos e Incluye: CD. 
502 |a Tesis (Ingeniero de Sistemas)- UNI, 2012. 
520 3 |a Presenta la automatización del sistema de gestión de indicadores de vulnerabilidad territorial para el programa de estudios ambientales urbanos territoriales PEAUT, incluye realización del sistema con el lenguaje unificado UML utilizando la metodología UWE, definición de arquitectura navegacional y propuesta de desarrollo del sistema. 
650 7 |a ANALISIS Y DISEÑO DE SISTEMAS - UML 
650 7 |b SISTEMA DE INFORMACION AUTOMATIZADO 
650 7 |c SISTEMA DE INFORMACION WEB 
700 1 |a Tutor:  |b Espinoza Aragón; Evelyn del Carmen 
942 |c BK  |2 ddc 
991 |a TESIS 
999 |c 15271